000 00318nam a22001217a 4500
008 190226b xxu||||| |||| 00| 0 eng d
041 _aeng
080 _a371
100 _a25
101 _aEDU
245 _aThe Teaching Research Curriculum for Moderately and Severely Handicapped
_cFrederics, H.D.B
942 _2udc
_cBK
999 _c54282
_d54282